000 00624nam a22002057a 4500
001 20273
003 BD-RjUL
005 20211209000537.0
008 140227s1959 xxu||||| |||| 00| 0 eng d
035 _a(BD-RjUL)20335
040 _aBD-RjUL
_beng
_cBD-RjUL
041 _aeng
082 0 4 _219
_a 624.18210202
_bROL 1959
110 2 _a Broken Hill Proprietary Company.
_962479
245 0 _aRolled steel sections : properties and general data /
260 _aMelbourne :
_bBroken Hill Proprietary Co.,
_c 1959
300 _a103 p. :
_b ill. ;
_c 23 cm.
650 0 _a Steel, Structural -- Tables.
_962478
942 _2ddc
_cBK
999 _c20273
_d20273